Historie konceptu přirozeného monopolu

Zmapovanie zmien v chápaní pojmu prirodzený monopol v ekonomickej literatúre.

Salvato in:
Dettagli Bibliografici
Autore principale: Hon, Martin
Natura: Capitolo di libro
Lingua:ceco
Soggetti:
Tags: Aggiungi Tag
Nessun Tag, puoi essere il primo ad aggiungerne!!

MARC

LEADER 00000naa$a2200000$$$4500
001 0088847
005 20231019131501.6
041 0 |a cze 
044 |a CZ 
245 1 0 |a Historie konceptu přirozeného monopolu  |c Martin Hon 
520 |a Zmapovanie zmien v chápaní pojmu prirodzený monopol v ekonomickej literatúre. 
610 2 0 |a história 
610 2 0 |a pojmy 
610 2 0 |a teórie ekonomické 
610 2 0 |a politika protimonopolná 
610 2 0 |a monopoly prirodzené 
100 1 |a Hon, Martin